Documents supplement to International commercial arbitration, a transnational perspective (Registro nro. 323915)
[ vista simple ]
| 000 -ENCABEZADO | |
|---|---|
| Número de control [NR] | 00987nam a22002417a 4500 |
| 005 - FECHA Y HORA DE LA ÚLTIMA TRANSACCIÓN | |
| control field | 20240222081505.0 |
| 008 - DE LONGITUD FIJA DE DATOS DE ELEMENTOS - INFORMACIÓN GENERAL | |
| Elementos de longitud fija [NR] | 240222b ||||| |||| 00| 0 eng d |
| 020 ## - NUMERO INTERNACIONAL NORMALIZADO PARA LIBROS [R] | |
| Número Internacional Normalizado del libro [NR] | 9780314285416 |
| 020 ## - NUMERO INTERNACIONAL NORMALIZADO PARA LIBROS [R] | |
| Número Internacional Normalizado del libro [NR] | 0314285415 |
| 040 ## - FUENTE DE CATALOGACION [NR] | |
| Agencia de catalogación original [NR] | CO-BoUCM |
| Quien Cataloga | David Moreno |
| Quien Clasifica | David Moreno |
| 041 ## - CODIGO DE IDIOMA [R] | |
| Código de idioma para texto/pista de sonido o título separado [R] | Inglés |
| 100 1# - ASIENTO PRINCIPAL--NOMBRE PERSONAL [NR] | |
| Nombre personal [NR] | Varady, Tibor |
| Fechas asociadas con el nombre [NR] | 1939- |
| ID Autoridad | 180019 |
| 245 10 - MENCION DE TITULO [NR] | |
| Título [NR] | Documents supplement to International commercial arbitration, a transnational perspective |
| Mención de responsabilidad, etc. [NR] | by Tibor Várady, John J. Barceló III, Arthur T. Von Mehren |
| 260 ## - PUBLICACION, DISTRIBUCION, ETC. (PIE DE IMPRENTA) [R] | |
| Lugar de publicación, distribución, etc. [R] | St. Paul, MN |
| Nombre del editor, distribuidor, etc. [R] | West Academic Publishing |
| Fecha de publicación, distribución, etc. [R] | 2015 |
| 300 ## - DESCRIPCION FISICA [R] | |
| Extensión [R] | iv, 558 Paginas |
| 490 ## - MENCION DE SERIE [R] | |
| Mención de serie [R] | Series: American casebook series |
| 650 17 - ASIENTO SECUNDARIO DE MATERIA - TERMINO TEMATICO [R] | |
| Término temático o nombre geográfico como elemento de entrada [NR] | Arbitraje comercial internacional |
| Subdivisión general [R] | Arbitraje y laudo |
| 9 (RLIN) | 180050 |
| 650 17 - ASIENTO SECUNDARIO DE MATERIA - TERMINO TEMATICO [R] | |
| Término temático o nombre geográfico como elemento de entrada [NR] | Arbitraje comercial internacional |
| Subdivisión general [R] | Conflicto de leyes |
| 9 (RLIN) | 180051 |
| 700 1# - ASIENTO SECUNDARIO - NOMBRE PERSONAL [R] | |
| Nombre personal [NR] | Barceló III, John J. |
| Fechas asociadas con el nombre [NR] | 1940- |
| 9 (RLIN) | 180052 |
| 700 1# - ASIENTO SECUNDARIO - NOMBRE PERSONAL [R] | |
| Nombre personal [NR] | Von Mehren, Arthur T. |
| 9 (RLIN) | 180053 |
| 942 ## - ELEMENTOS DE ENTRADA AGREGADOS (KOHA) | |
| Sistema de clasificación | DEWEY |
| Tema principal | Derecho |
| Tipo de ítem principal el descrito en 300a | Libro |
| Edición | 1 |
| Clasificación | 341.522 |
| Parte restante de la signatura top. | T554i |
| Título oculto en OPAC | No |
| Signatura topográfica | Código de barras | Última vez visto | Ejemplar | Costo de reposición | Price effective from | Tipo de ítem | Perdido | Sistema de clasificación | Dañado | No prestable | Tipo de ítem específico | Suprimido | Ubicación habitual | Ubicación actual | Localización | Fecha de creación | Forma de adquisición |
|---|---|---|---|---|---|---|---|---|---|---|---|---|---|---|---|---|---|
| 341.522 T544i | 100172342 | 12/06/2026 | Ej.1 | 26000.00 | 22/02/2024 | Libro | DEWEY | Libro | Claustro | Claustro | 3er piso | 22/02/2024 | Donación |